Free Speech and Expression VIS-A-VIS Contempt of Court (Record no. 1715298)

MARC details
000 -LEADER
fixed length control field 00386nam a22001337a 4500
005 - DATE AND TIME OF LATEST TRANSACTION
control field 20260313121415.0
008 - FIXED-LENGTH DATA ELEMENTS--GENERAL INFORMATION
fixed length control field 260313b |||||||| |||| 00| 0 eng d
040 ## - CATALOGING SOURCE
Transcribing agency FLL
041 ## - LANGUAGE CODE
Source of code eng
Language code of text/sound track or separate title eng
100 ## - MAIN ENTRY--PERSONAL NAME
Personal name Reyaz, Shahood
245 ## - TITLE STATEMENT
Title Free Speech and Expression VIS-A-VIS Contempt of Court
Remainder of title A Critical Analysis
260 ## - PUBLICATION, DISTRIBUTION, ETC.
Place of publication, distribution, etc. DU
Date of publication, distribution, etc. 2024
Name of publisher, distributor, etc. Faculty of Law
942 ## - ADDED ENTRY ELEMENTS (KOHA)
Source of classification or shelving scheme Colon Classification (CC)
Koha item type Dissertations
100 ## - MAIN ENTRY--PERSONAL NAME
-- 1131921
999 ## -
-- 1715298
-- 1715298
Holdings
Withdrawn status Lost status Source of classification or shelving scheme Damaged status Not for loan Home library Current library Date acquired Source of acquisition Total checkouts Barcode Date last seen Copy number Price effective from Koha item type
    Colon Classification (CC)     Faculty of Law Library Faculty of Law Library 2026-03-13 Faculty of Law   LLD015262 2026-03-13 1 2026-03-13 Dissertations
Copyright @ Delhi University Library System